000 00323nam a2200145Ia 4500
100 _aGibson/Jerry D
942 _cRB
654 _aCommunications
245 _aThe Communication Handbook
260 _bAddison Wesley Pub
_aReading
_c1996
082 _a621.382
_bGIB
300 _a1598
546 _aENGLISH
999 _c26510
_d26510